| 000 | 00624nam a2200205Ia 4500 | ||
|---|---|---|---|
| 003 | GCL | ||
| 008 | 140319s9999 xx 000 0 ara d | ||
| 020 | _a3547855161 | ||
| 040 |
_aGCL / _cGCL |
||
| 082 | 0 | 4 |
_a813.085 _bغ ح |
| 100 | 1 | _aغازى عبدالرحمن القصيبى | |
| 245 | 1 | 0 |
_aحكاية حب / _cغازى عبدالرحمن القصيبى |
| 250 | _aالرابعة | ||
| 260 |
_aبيروت : _bدار الساقى ، _c2006 |
||
| 300 |
_a120 ص ؛ _c21 سم |
||
| 650 | 0 | 4 | _aالادب العربى |
| 650 | 0 | 4 | _aالقصص العربية |
| 650 | 0 | 4 | _aالقصص العاطفية |
| 942 |
_2ddc _cBK |
||
| 999 |
_c9912 _d9912 |
||